[Event "46. Toreno La Roda 2019"]
[Site "La Roda ESP"]
[Date "2019.04.18"]
[Round "2.6"]
[White "Lara Granero, Bio"]
[Black "Solodovnichenko, Yuri"]
[Result "0-1"]
[WhiteElo "2153"]
[BlackElo "2554"]
[PlyCount "80"]
[EventDate "2019.04.17"]
[EventType "swiss"]
[EventRounds "9"]
[EventCountry "ESP"]
[SourceTitle "Ajedrez en Madrid"]
[Source "lmi"]
[SourceDate "2019.04.17"]
[SourceVersion "1"]
[SourceVersionDate "2019.04.22"]
[SourceQuality "1"]

1. Nf3 d5 2. b3 Bf5 3. Bb2 e6 4. e3 Nf6 5. Be2 h6 6. O-O Nbd7 7. d3 Bd6 8. Nbd2
O-O 9. Re1 e5 10. e4 Bh7 11. exd5 Nxd5 12. Nc4 Bb4 13. Rf1 Re8 14. a3 Nc3 15.
Qd2 Nxe2+ 16. Qxe2 Bf8 17. Rad1 Nb6 18. Ne3 Bd6 19. Nd2 c6 20. Ne4 Bf8 21. Ng3
Nd5 22. Qf3 Qd7 23. Rfe1 Rad8 24. Nxd5 Qxd5 25. Qg4 f6 26. h4 Qf7 27. Re2 e4
28. Nf5 Qg6 29. Qxg6 Bxg6 30. g4 h5 31. Rde1 exd3 32. cxd3 Rxe2 33. Rxe2 Kf7
34. d4 hxg4 35. Ne3 Be4 36. Nc4 Bf3 37. Rd2 b5 38. Ne3 Bd6 39. Rc2 Rh8 40. Nf5
Kg6 0-1

[Event "46. Toreno La Roda 2019"]
[Site "La Roda ESP"]
[Date "2019.04.18"]
[Round "2.7"]
[White "Grigoryan, Karen H."]
[Black "Santos, Antonio P"]
[Result "1-0"]
[WhiteElo "2545"]
[BlackElo "2138"]
[PlyCount "93"]
[EventDate "2019.04.17"]
[EventType "swiss"]
[EventRounds "9"]
[EventCountry "ESP"]
[SourceTitle "Ajedrez en Madrid"]
[Source "lmi"]
[SourceDate "2019.04.17"]
[SourceVersion "1"]
[SourceVersionDate "2019.04.22"]
[SourceQuality "1"]

1. Nf3 Nf6 2. g3 c5 3. Bg2 e6 4. O-O Be7 5. c4 O-O 6. d4 cxd4 7. Nxd4 Nc6 8.
Nc3 a6 9. b3 Qc7 10. Bb2 d6 11. Rc1 Nxd4 12. Qxd4 Rd8 13. Na4 Bf8 14. Nb6 Rb8
15. Nxc8 Rdxc8 16. Rfd1 Qa5 17. Qc3 Qxc3 18. Bxc3 b5 19. cxb5 axb5 20. e4 b4
21. Bb2 Nd7 22. Rxc8 Rxc8 23. Rd2 g6 24. Kf1 Be7 25. Ke2 Ra8 26. Bd4 Ra5 27.
Kd1 Bf6 28. Be3 Ne5 29. h3 g5 30. Kc1 Be7 31. Kb1 Ra6 32. Bf1 Rc6 33. Rd4 Rb6
34. f4 gxf4 35. gxf4 Ng6 36. Bd2 e5 37. Rxb4 Rxb4 38. Bxb4 exf4 39. a4 d5 40.
Bxe7 Nxe7 41. exd5 Nxd5 42. Bg2 Nb4 43. Kb2 Kf8 44. Kc3 Na6 45. b4 Ke7 46. b5
Nc5 47. a5 1-0

[Event "46. Toreno La Roda 2019"]
[Site "La Roda ESP"]
[Date "2019.04.18"]
[Round "2.9"]
[White "Maiorov, Nikita"]
[Black "Tadevosyan, Aspet"]
[Result "1-0"]
[WhiteElo "2540"]
[BlackElo "2123"]
[PlyCount "49"]
[EventDate "2019.04.17"]
[EventType "swiss"]
[EventRounds "9"]
[EventCountry "ESP"]
[SourceTitle "Ajedrez en Madrid"]
[Source "lmi"]
[SourceDate "2019.04.17"]
[SourceVersion "1"]
[SourceVersionDate "2019.04.22"]
[SourceQuality "1"]

1. d4 Nf6 2. c4 e6 3. Nc3 Bb4 4. Qc2 O-O 5. a3 Bxc3+ 6. Qxc3 b6 7. Bg5 Bb7 8.
f3 d5 9. e3 Nbd7 10. cxd5 exd5 11. Bd3 h6 12. Bh4 Re8 13. Ne2 Rc8 14. Bf5 g5
15. Bf2 c5 16. O-O Ba6 17. Rfe1 Qe7 18. Ng3 cxd4 19. Qxd4 Rc4 20. Qd1 Ne5 21.
Qd2 g4 22. e4 gxf3 23. Qxh6 Neg4 24. Qg5+ Kf8 25. Bxg4 1-0

[Event "46. Toreno La Roda 2019"]
[Site "La Roda ESP"]
[Date "2019.04.18"]
[Round "2.11"]
[White "Burmakin, Vladimir"]
[Black "Valdepenas Octavio, Javier"]
[Result "1-0"]
[WhiteElo "2495"]
[BlackElo "2123"]
[PlyCount "111"]
[EventDate "2019.04.17"]
[EventType "swiss"]
[EventRounds "9"]
[EventCountry "ESP"]
[SourceTitle "Ajedrez en Madrid"]
[Source "lmi"]
[SourceDate "2019.04.17"]
[SourceVersion "1"]
[SourceVersionDate "2019.04.22"]
[SourceQuality "1"]

1. Nf3 d5 2. g3 Nf6 3. c4 e6 4. Bg2 Be7 5. O-O O-O 6. Qc2 dxc4 7. Qxc4 a6 8.
Qc2 c5 9. d3 Nc6 10. Be3 Qc7 11. Rc1 Nd7 12. d4 Nb4 13. Qb3 Nd5 14. Bg5 Bxg5
15. Nxg5 Qd8 16. Nf3 cxd4 17. Nxd4 Qb6 18. e3 N7f6 19. Nd2 Rd8 20. Nc4 Qxb3 21.
Nxb3 Kf8 22. Nba5 Rb8 23. a3 Ne8 24. Rd1 Ke7 25. Ne5 Rd6 26. Nac4 Rd8 27. e4 f6
28. exd5 fxe5 29. Nxe5 Nc7 30. dxe6 Rxd1+ 31. Rxd1 Bxe6 32. f4 Nb5 33. Kf1 Nd6
34. Rc1 Kf6 35. Kf2 g5 36. Nf3 g4 37. Ne5 Rc8 38. Rxc8 Bxc8 39. Ke3 h5 40. Kd4
b6 41. Be4 Bf5 42. Bc6 Be6 43. Nd7+ Bxd7 44. Bxd7 Ke7 45. Bc6 Nf5+ 46. Ke4 Nd6+
47. Kd3 Kf6 48. Be4 a5 49. Kd4 b5 50. Bd3 Ke6 51. Kc5 h4 52. gxh4 b4 53. axb4
axb4 54. Kxb4 Kd5 55. Kc3 Ne8 56. h5 1-0

[Event "46. Toreno La Roda 2019"]
[Site "La Roda ESP"]
[Date "2019.04.18"]
[Round "2.12"]
[White "Carballo Cancela, Manuel"]
[Black "Espinosa Aranda, Angel"]
[Result "0-1"]
[WhiteElo "2123"]
[BlackElo "2482"]
[PlyCount "60"]
[EventDate "2019.04.17"]
[EventType "swiss"]
[EventRounds "9"]
[EventCountry "ESP"]
[SourceTitle "Ajedrez en Madrid"]
[Source "lmi"]
[SourceDate "2019.04.17"]
[SourceVersion "1"]
[SourceVersionDate "2019.04.22"]
[SourceQuality "1"]

1. e4 c5 2. Nc3 g6 3. Nge2 Bg7 4. d4 cxd4 5. Nxd4 Nc6 6. Nde2 Nf6 7. g3 b5 8.
Bg2 Rb8 9. O-O O-O 10. h3 d6 11. Nd5 Nd7 12. a4 b4 13. Ra2 e6 14. Ne3 b3 15.
cxb3 Nc5 16. Ra3 Ba6 17. e5 Nxe5 18. b4 Rxb4 19. Nc2 Rxa4 20. Rxa4 Nxa4 21. Nb4
Bb5 22. Re1 d5 23. Nd4 a6 24. Kh2 Qd6 25. Nbc2 Nc6 26. Nxe6 fxe6 27. Rxe6 Qxe6
28. Bxd5 Rxf2+ 29. Kg1 Rf1+ 30. Qxf1 Qxd5 0-1

[Event "46. Toreno La Roda 2019"]
[Site "La Roda ESP"]
[Date "2019.04.18"]
[Round "2.13"]
[White "Mogranzini, Roberto"]
[Black "Arroyo Rodriguez, Jesus"]
[Result "1-0"]
[WhiteElo "2449"]
[BlackElo "2113"]
[PlyCount "91"]
[EventDate "2019.04.17"]
[EventType "swiss"]
[EventRounds "9"]
[EventCountry "ESP"]
[SourceTitle "Ajedrez en Madrid"]
[Source "lmi"]
[SourceDate "2019.04.17"]
[SourceVersion "1"]
[SourceVersionDate "2019.04.22"]
[SourceQuality "1"]

1. Nf3 Nf6 2. c4 d6 3. g3 g6 4. Bg2 Bg7 5. Nc3 Nc6 6. O-O O-O 7. d3 e5 8. Rb1
a5 9. a3 Re8 10. Bg5 h6 11. Bxf6 Bxf6 12. Nd2 Bg7 13. Nd5 Ne7 14. b4 axb4 15.
Nxe7+ Qxe7 16. axb4 c6 17. b5 Qc7 18. Qb3 Be6 19. bxc6 bxc6 20. Qb6 Qxb6 21.
Rxb6 Ra2 22. Bxc6 Rd8 23. Rd1 d5 24. Bxd5 Bxd5 25. cxd5 Rxd5 26. Rb8+ Kh7 27.
Rb7 Kg8 28. Ne4 Rda5 29. Rc1 Ra1 30. Rxa1 Rxa1+ 31. Kg2 Ra2 32. Kf3 Bf8 33. g4
Ra6 34. h4 Re6 35. h5 Be7 36. Nc3 Bh4 37. Nd5 Kg7 38. hxg6 Kxg6 39. Ne3 Rf6+
40. Nf5 h5 41. e4 hxg4+ 42. Kxg4 Bxf2 43. Rb2 Bc5 44. Rh2 Bf8 45. Rh8 Bg7 46.
Ne7# 1-0

[Event "46. Toreno La Roda 2019"]
[Site "La Roda ESP"]
[Date "2019.04.18"]
[Round "2.14"]
[White "Moreto Quintana, Alex"]
[Black "Tejedor Fuente, Enrique"]
[Result "0-1"]
[WhiteElo "2120"]
[BlackElo "2429"]
[PlyCount "104"]
[EventDate "2019.04.17"]
[EventType "swiss"]
[EventRounds "9"]
[EventCountry "ESP"]
[SourceTitle "Ajedrez en Madrid"]
[Source "lmi"]
[SourceDate "2019.04.17"]
[SourceVersion "1"]
[SourceVersionDate "2019.04.22"]
[SourceQuality "1"]

1. d4 d5 2. c4 dxc4 3. Nf3 e6 4. e3 a6 5. Bxc4 Nf6 6. O-O Nbd7 7. Qe2 b5 8. Bb3
c5 9. Nc3 Bb7 10. Rd1 Qb6 11. d5 c4 12. dxe6 Qxe6 13. Bc2 Bc5 14. Nd4 Bxd4 15.
Rxd4 O-O 16. e4 b4 17. Na4 b3 18. Bb1 Rac8 19. Bf4 Nd5 20. Bd2 Ne7 21. axb3
cxb3 22. Rb4 Rc7 23. Qd1 Rd8 24. Bf4 Rcc8 25. Rd4 Nc6 26. Rd2 Qf6 27. Be3 Nce5
28. Bd3 Nxd3 29. Rxd3 Ne5 30. Rxd8+ Rxd8 31. Qxb3 Bxe4 32. Nc5 Nf3+ 33. gxf3
Qg6+ 34. Kf1 Bxf3 35. Qc4 Qg2+ 36. Ke1 Qg1+ 37. Qf1 Qxh2 38. Qxa6 Qh1+ 39. Qf1
Qh4 40. Nd3 Qc4 41. Ra3 Be4 42. Rc3 Qb5 43. Rc5 Qa6 44. Qe2 Bxd3 45. Qd2 Qa8
46. f3 Qxf3 47. Qf2 Qh1+ 48. Kd2 Bc2+ 49. Kxc2 Qd1+ 50. Kc3 Rd3+ 51. Kb4 Rb3+
52. Ka4 Rxb2+ 0-1

[Event "46. Toreno La Roda 2019"]
[Site "La Roda ESP"]
[Date "2019.04.18"]
[Round "2.15"]
[White "Ladron De Guevara Pinto, Paolo"]
[Black "Salazar De La Cruz, Jose Maria"]
[Result "1-0"]
[WhiteElo "2429"]
[BlackElo "2099"]
[PlyCount "129"]
[EventDate "2019.04.17"]
[EventType "swiss"]
[EventRounds "9"]
[EventCountry "ESP"]
[SourceTitle "Ajedrez en Madrid"]
[Source "lmi"]
[SourceDate "2019.04.17"]
[SourceVersion "1"]
[SourceVersionDate "2019.04.22"]
[SourceQuality "1"]

1. e4 c5 2. Nf3 Nc6 3. d4 cxd4 4. Nxd4 g6 5. c4 Nf6 6. Nc3 Nxd4 7. Qxd4 d6 8.
Be3 Bg7 9. f3 O-O 10. Qd2 Be6 11. Be2 a5 12. Rc1 a4 13. Kf2 Nd7 14. Rhd1 Qa5
15. Nd5 Bxd5 16. Qxa5 Rxa5 17. cxd5 Nc5 18. Rc2 Rc8 19. Rdc1 Kf8 20. b4 axb3
21. axb3 Ra1 22. b4 Rxc1 23. Rxc1 Bb2 24. bxc5 Bxc1 25. Bxc1 Rxc5 26. Bd2 Ke8
27. Bd3 f6 28. f4 Kf7 29. Ke2 h6 30. g3 Rc8 31. Bb1 Ra8 32. Bc3 Ra3 33. Kd2 b5
34. Bc2 g5 35. e5 gxf4 36. gxf4 fxe5 37. fxe5 dxe5 38. Bxe5 b4 39. Bf5 Ra2+ 40.
Kd3 Ra7 41. Kc4 Rb7 42. Bc8 Rb6 43. Kc5 Rg6 44. Be6+ Kf8 45. Kxb4 Rg2 46. Kc4
Re2 47. Kd4 Re1 48. h3 Re2 49. Bg4 Re1 50. Bg3 Rg1 51. Bh4 Ra1 52. Ke5 Ra4 53.
Bf2 Ra5 54. Be6 Ra2 55. Be3 Kg7 56. Kf5 Ra4 57. Bc5 Kf8 58. Kg6 Rh4 59. Be3 h5
60. Bg5 Re4 61. Kxh5 Re1 62. Kg6 Rg1 63. h4 Rg2 64. h5 Rg1 65. h6 1-0

[Event "46. Toreno La Roda 2019"]
[Site "La Roda ESP"]
[Date "2019.04.18"]
[Round "2.16"]
[White "Perdomo Araujo, Angel Eduardo"]
[Black "Plazuelo Pascual, Juan"]
[Result "1/2-1/2"]
[WhiteElo "2092"]
[BlackElo "2427"]
[PlyCount "33"]
[EventDate "2019.04.17"]
[EventType "swiss"]
[EventRounds "9"]
[EventCountry "ESP"]
[SourceTitle "Ajedrez en Madrid"]
[Source "lmi"]
[SourceDate "2019.04.17"]
[SourceVersion "1"]
[SourceVersionDate "2019.04.22"]
[SourceQuality "1"]

1. e4 e6 2. d4 d5 3. Nd2 Be7 4. c3 c5 5. dxc5 Nf6 6. exd5 Nxd5 7. Ne4 O-O 8.
Nf3 Nd7 9. Bc4 Nxc5 10. Nxc5 Bxc5 11. O-O Qc7 12. Qe2 b6 13. Bxd5 exd5 14. Nd4
Bxd4 15. cxd4 Bf5 16. Be3 Qb7 17. Rac1 1/2-1/2

[Event "46. Toreno La Roda 2019"]
[Site "La Roda ESP"]
[Date "2019.04.18"]
[Round "2.19"]
[White "Pilgaard, Kim"]
[Black "Cuellar Montes, Alejandro"]
[Result "1/2-1/2"]
[WhiteElo "2418"]
[BlackElo "2091"]
[PlyCount "129"]
[EventDate "2019.04.17"]
[EventType "swiss"]
[EventRounds "9"]
[EventCountry "ESP"]
[SourceTitle "Ajedrez en Madrid"]
[Source "lmi"]
[SourceDate "2019.04.17"]
[SourceVersion "1"]
[SourceVersionDate "2019.04.22"]
[SourceQuality "1"]

1. e4 d6 2. d4 Nf6 3. f3 Nbd7 4. c4 e5 5. Ne2 Be7 6. Nbc3 c6 7. Be3 Nh5 8. Qd2
h6 9. O-O-O Bg5 10. g4 Bxe3 11. Qxe3 Nhf6 12. d5 c5 13. Ng3 Nf8 14. Nf5 Bxf5
15. exf5 Qe7 16. h4 O-O-O 17. Bh3 N8d7 18. Kb1 Kb8 19. Rde1 Rde8 20. Rh2 Nb6
21. Bf1 Qd7 22. Bd3 Na4 23. Be4 Nxc3+ 24. Qxc3 Qd8 25. Ka1 Nd7 26. Bc2 Re7 27.
Rhe2 Ka8 28. a3 Nb6 29. Re4 Rc7 30. Rh1 f6 31. Rg1 Rc8 32. Qd2 Qd7 33. Qc3 Qd8
34. Re2 a6 35. Reg2 Ka7 36. Ka2 Qf8 37. Re1 Qd8 38. Bb3 Qd7 39. Qd3 Rcf8 40.
Qe4 Nc8 41. Bc2 Ne7 42. Bd3 Ka8 43. Rb1 Rf7 44. Qe1 Rc8 45. Ka1 Rc7 46. b4 Nc8
47. b5 b6 48. a4 a5 49. Be4 Ne7 50. Qd2 Rc8 51. Rbg1 Rcf8 52. Qd3 Ka7 53. Ka2
Ka8 54. Kb3 Ka7 55. h5 Nc8 56. Re2 Re7 57. Rge1 Rfe8 58. Re3 Ka8 59. Qe2 Ka7
60. Bc2 Ka8 61. Re4 Ka7 62. Qh2 Qd8 63. R1e2 Ka8 64. Bd3 Ka7 65. Qf2 1/2-1/2

[Event "46. Toreno La Roda 2019"]
[Site "La Roda ESP"]
[Date "2019.04.18"]
[Round "2.20"]
[White "Pintor, Simao Maciel Abranc"]
[Black "Campora, Daniel H."]
[Result "0-1"]
[WhiteElo "2086"]
[BlackElo "2405"]
[PlyCount "152"]
[EventDate "2019.04.17"]
[EventType "swiss"]
[EventRounds "9"]
[EventCountry "ESP"]
[SourceTitle "Ajedrez en Madrid"]
[Source "lmi"]
[SourceDate "2019.04.17"]
[SourceVersion "1"]
[SourceVersionDate "2019.04.22"]
[SourceQuality "1"]

1. e4 c6 2. d4 d5 3. exd5 cxd5 4. Bd3 Nc6 5. c3 Nf6 6. Bf4 Bg4 7. Ne2 e6 8. O-O
Be7 9. Qe1 Bh5 10. f3 Bg6 11. Bxg6 hxg6 12. g4 Qd7 13. a4 Na5 14. Nd2 Rc8 15.
Nc1 Bd6 16. Qg3 Nc4 17. Bxd6 Nxd2 18. Nd3 Nde4 19. fxe4 Nxe4 20. Qf4 Nxd6 21.
Ne5 Qe7 22. Rae1 g5 23. Qe3 Rh6 24. Rf3 f6 25. Nd3 Ne4 26. Nf2 Qd6 27. h3 Nxf2
28. Qxf2 Kf7 29. Rfe3 Re8 30. Qe2 Re7 31. Kg2 Rh8 32. Qf2 Ke8 33. Qe2 Kd7 34.
Ra1 Rhe8 35. a5 e5 36. dxe5 Rxe5 37. Rxe5 Qxe5 38. Qb5+ Kc8 39. Qc5+ Kb8 40.
Rf1 a6 41. Rf2 Qe4+ 42. Kg1 Ka8 43. Qd6 Qe5 44. Qxe5 Rxe5 45. Rd2 Kb8 46. Kf2
Kc7 47. Rd4 Kc6 48. Rb4 d4 49. Rc4+ Rc5 50. Rxd4 Rxa5 51. Kf3 Re5 52. Rd8 a5
53. Rc8+ Kb6 54. Rd8 Kc7 55. Rd4 Rb5 56. Rd2 Kc6 57. Ke4 Re5+ 58. Kf3 Re1 59.
Kf2 Rh1 60. Kg2 Rb1 61. Kf3 b5 62. Ke4 Rh1 63. Rd3 Rh2 64. b3 Re2+ 65. Kd4 Re7
66. Rf3 Rd7+ 67. Ke4 a4 68. bxa4 bxa4 69. Rf1 a3 70. Ra1 Ra7 71. Kd4 a2 72. Kc4
g6 73. Kb3 f5 74. Kc4 f4 75. Kd4 Ra4+ 76. c4 Ra3 0-1

[Event "46. Toreno La Roda 2019"]
[Site "La Roda ESP"]
[Date "2019.04.18"]
[Round "2.21"]
[White "Martinez Reyes, Pedro Ramon"]
[Black "Revaliente Montoya, Ciro"]
[Result "1-0"]
[WhiteElo "2404"]
[BlackElo "2085"]
[PlyCount "121"]
[EventDate "2019.04.17"]
[EventType "swiss"]
[EventRounds "9"]
[EventCountry "ESP"]
[SourceTitle "Ajedrez en Madrid"]
[Source "lmi"]
[SourceDate "2019.04.17"]
[SourceVersion "1"]
[SourceVersionDate "2019.04.22"]
[SourceQuality "1"]

1. d4 Nf6 2. Nf3 g6 3. g3 Bg7 4. Bg2 O-O 5. O-O d6 6. c4 Nc6 7. Nc3 Bf5 8. b3
Ne4 9. Bb2 Nxc3 10. Bxc3 Be4 11. Bh3 e5 12. dxe5 Nxe5 13. Nd4 b6 14. f3 Bb7 15.
e4 Nd7 16. Qd2 Nc5 17. Rae1 Re8 18. Bg2 Qd7 19. Nb5 a6 20. Bxg7 Kxg7 21. Qd4+
f6 22. Nc3 Ne6 23. Qd2 Qc6 24. Rc1 Qc5+ 25. Kh1 Qd4 26. Rfd1 Qxd2 27. Rxd2 a5
28. Kg1 Kf7 29. Kf2 Nc5 30. h4 h5 31. Bh3 Re5 32. Rd4 Rae8 33. Rc2 f5 34. exf5
Re3 35. fxg6+ Kxg6 36. Nd5 Bxd5 37. cxd5 Nd3+ 38. Rxd3 Rxd3 39. Be6 Re7 40. g4
hxg4 41. fxg4 Rh3 42. h5+ Kg5 43. Kg2 Re3 44. Rf2 c6 45. Rf5+ Kh4 46. h6 R3xe6
47. dxe6 Kxg4 48. Rf3 Rxe6 49. Rg3+ Kf4 50. h7 Re2+ 51. Kh3 Re8 52. Rg8 Re3+
53. Kg2 Re2+ 54. Kg1 Re1+ 55. Kf2 Rh1 56. h8=Q Rxh8 57. Rxh8 Ke4 58. Rb8 b5 59.
Ra8 a4 60. bxa4 b4 61. a5 1-0

[Event "46. Toreno La Roda 2019"]
[Site "La Roda ESP"]
[Date "2019.04.18"]
[Round "2.22"]
[White "Fernandez Garcia, Gumersindo"]
[Black "Merario Alarcon, Andres"]
[Result "0-1"]
[WhiteElo "2079"]
[BlackElo "2399"]
[PlyCount "56"]
[EventDate "2019.04.17"]
[EventType "swiss"]
[EventRounds "9"]
[EventCountry "ESP"]
[SourceTitle "Ajedrez en Madrid"]
[Source "lmi"]
[SourceDate "2019.04.17"]
[SourceVersion "1"]
[SourceVersionDate "2019.04.22"]
[SourceQuality "1"]

1. d4 d5 2. c4 e6 3. Nc3 a6 4. e4 dxe4 5. Nxe4 Bb4+ 6. Nc3 c5 7. d5 exd5 8.
cxd5 Ne7 9. d6 Nf5 10. Bf4 O-O 11. Bd3 Nh4 12. Kf1 Be6 13. Bg3 Nf5 14. Bxf5
Bxf5 15. Qf3 Qd7 16. Nd5 Nc6 17. Ne2 Rae8 18. h3 Be4 19. Qb3 Ba5 20. Rd1 b5 21.
Ne7+ Kh8 22. Qe3 Rxe7 23. f3 Rfe8 24. Kf2 Re6 25. fxe4 Rxe4 26. Qf3 Rxe2+ 27.
Qxe2 Rxe2+ 28. Kxe2 Nd4+ 0-1

[Event "46. Toreno La Roda 2019"]
[Site "La Roda ESP"]
[Date "2019.04.18"]
[Round "3.9"]
[White "Romero Pallares, Daniel"]
[Black "Burmakin, Vladimir"]
[Result "0-1"]
[WhiteElo "2198"]
[BlackElo "2495"]
[PlyCount "100"]
[EventDate "2019.04.17"]
[EventType "swiss"]
[EventRounds "9"]
[EventCountry "ESP"]
[SourceTitle "Ajedrez en Madrid"]
[Source "lmi"]
[SourceDate "2019.04.17"]
[SourceVersion "1"]
[SourceVersionDate "2019.04.22"]
[SourceQuality "1"]

1. e4 c6 2. Nc3 d5 3. Nf3 h6 4. d4 dxe4 5. Nxe4 Bf5 6. Nc5 Qc8 7. Bd3 Bxd3 8.
Qxd3 e6 9. Nb3 Nd7 10. O-O Ngf6 11. Bf4 Be7 12. Rfe1 O-O 13. c4 Rd8 14. Qe2 Nf8
15. Ne5 N6d7 16. Red1 Nxe5 17. Bxe5 Ng6 18. Bg3 Bd6 19. Qe4 Bxg3 20. hxg3 Qc7
21. Rd2 Rd6 22. Rad1 Rad8 23. Qe3 b6 24. Qe4 Qb7 25. Qf3 Qa6 26. Qc3 Qa4 27.
Nc1 b5 28. b3 Qa3 29. cxb5 cxb5 30. Ne2 Ne7 31. Nf4 Nd5 32. Nxd5 Rxd5 33. Qc7
R8d7 34. Qb8+ Kh7 35. Qf4 Qb4 36. Qe4+ g6 37. f4 Kg7 38. Rd3 h5 39. Kh2 a5 40.
Qe2 Qd6 41. Qd2 b4 42. Qc1 Kh7 43. Kh1 Qb6 44. Qc8 Rc7 45. Qf8 Qb7 46. Qe8 Rdd7
47. d5 Rc8 48. dxe6 Rxd3 49. exf7 Rxd1+ 50. Kh2 Rxe8 0-1

[Event "46. Toreno La Roda 2019"]
[Site "La Roda ESP"]
[Date "2019.04.18"]
[Round "3.10"]
[White "Espinosa Aranda, Angel"]
[Black "Renteria, Jorge"]
[Result "1-0"]
[WhiteElo "2482"]
[BlackElo "2263"]
[PlyCount "101"]
[EventDate "2019.04.17"]
[EventType "swiss"]
[EventRounds "9"]
[EventCountry "ESP"]
[SourceTitle "Ajedrez en Madrid"]
[Source "lmi"]
[SourceDate "2019.04.17"]
[SourceVersion "1"]
[SourceVersionDate "2019.04.22"]
[SourceQuality "1"]

1. e4 e5 2. Nf3 Nc6 3. Bb5 Nd4 4. Nxd4 exd4 5. O-O Bc5 6. Qg4 Qf6 7. d3 c6 8.
Ba4 Ne7 9. Nd2 d5 10. Qh5 Qg6 11. Qxg6 hxg6 12. exd5 Nxd5 13. Re1+ Be6 14. Ne4
Be7 15. Ng5 Bxg5 16. Bxg5 Kd7 17. Re4 b5 18. Bb3 f6 19. Bd2 c5 20. Rae1 Bf7 21.
Bxd5 Bxd5 22. Re7+ Kc6 23. Bf4 a5 24. f3 g5 25. Bg3 g6 26. Rc7+ Kb6 27. Rd7
Rhe8 28. Rd6+ Bc6 29. Rxf6 Rxe1+ 30. Bxe1 b4 31. Rxg6 a4 32. Rxg5 b3 33. axb3
axb3 34. cxb3 Ra1 35. Kf2 Rb1 36. h4 Rxb2+ 37. Kg3 Bb5 38. Rg6+ Kb7 39. b4 cxb4
40. Rd6 b3 41. Rxd4 Kc6 42. Rb4 Bxd3 43. h5 Kc5 44. Rb8 Bf1 45. Bf2+ Rxf2 46.
Kxf2 Bb5 47. h6 b2 48. h7 b1=Q 49. h8=Q Qc2+ 50. Kg3 Qg6+ 51. Kh4 1-0

[Event "46. Toreno La Roda 2019"]
[Site "La Roda ESP"]
[Date "2019.04.18"]
[Round "3.11"]
[White "Prado Lobo, Jonas"]
[Black "Mogranzini, Roberto"]
[Result "1/2-1/2"]
[WhiteElo "2188"]
[BlackElo "2449"]
[PlyCount "52"]
[EventDate "2019.04.17"]
[EventType "swiss"]
[EventRounds "9"]
[EventCountry "ESP"]
[SourceTitle "Ajedrez en Madrid"]
[Source "lmi"]
[SourceDate "2019.04.17"]
[SourceVersion "1"]
[SourceVersionDate "2019.04.22"]
[SourceQuality "1"]

1. d4 Nf6 2. c4 g6 3. Nc3 Bg7 4. e4 d6 5. Nf3 O-O 6. Be2 Bg4 7. O-O c5 8. Be3
Nfd7 9. d5 Na6 10. Qd2 Nc7 11. Bh6 Bxh6 12. Qxh6 Bxf3 13. Bxf3 e5 14. Bg4 Nf6
15. Be2 Kh8 16. f4 Ng8 17. Qh3 Qe7 18. fxe5 Qxe5 19. Qd7 Ne8 20. Qxb7 Nef6 21.
Qb3 Nd7 22. Kh1 Ngf6 23. Bf3 Kg7 24. Qc2 Rab8 25. b3 a6 26. Rae1 h5 1/2-1/2

[Event "46. Toreno La Roda 2019"]
[Site "La Roda ESP"]
[Date "2019.04.18"]
[Round "3.12"]
[White "Tejedor Fuente, Enrique"]
[Black "Tudela Corbalan, Carlos"]
[Result "1-0"]
[WhiteElo "2429"]
[BlackElo "2252"]
[PlyCount "79"]
[EventDate "2019.04.17"]
[EventType "swiss"]
[EventRounds "9"]
[EventCountry "ESP"]
[SourceTitle "Ajedrez en Madrid"]
[Source "lmi"]
[SourceDate "2019.04.17"]
[SourceVersion "1"]
[SourceVersionDate "2019.04.22"]
[SourceQuality "1"]

1. e4 d6 2. d4 Nf6 3. Nc3 g6 4. Nf3 Bg7 5. Bc4 O-O 6. h3 Nxe4 7. Nxe4 d5 8. Bd3
dxe4 9. Bxe4 Nd7 10. O-O e5 11. Bg5 f6 12. Bh4 exd4 13. Qxd4 Nb6 14. Qc5 Qd6
15. Qxd6 cxd6 16. c3 d5 17. Bc2 Be6 18. Rfe1 Rfe8 19. a4 a5 20. Bg3 f5 21. Bc7
Nc4 22. Rab1 Rac8 23. Bf4 Bf7 24. Rec1 Rc6 25. Bd3 Rec8 26. Nd4 Rb6 27. b3 Bxd4
28. cxd4 Nd6 29. Rxc8+ Nxc8 30. Bd2 Ne7 31. Bxa5 Re6 32. Bb4 Nc6 33. Bc3 f4 34.
b4 g5 35. b5 Nd8 36. a5 Bg6 37. Bxg6 hxg6 38. Ra1 Re7 39. Bb4 Rd7 40. Bc5 1-0

[Event "46. Toreno La Roda 2019"]
[Site "La Roda ESP"]
[Date "2019.04.18"]
[Round "3.13"]
[White "Romero Calduch, Sergio"]
[Black "Ladron De Guevara Pinto, Paolo"]
[Result "0-1"]
[WhiteElo "2184"]
[BlackElo "2429"]
[PlyCount "82"]
[EventDate "2019.04.17"]
[EventType "swiss"]
[EventRounds "9"]
[EventCountry "ESP"]
[SourceTitle "Ajedrez en Madrid"]
[Source "lmi"]
[SourceDate "2019.04.17"]
[SourceVersion "1"]
[SourceVersionDate "2019.04.22"]
[SourceQuality "1"]

1. d4 g6 2. c4 Bg7 3. Nf3 Nf6 4. g3 b6 5. Bg2 Bb7 6. Nc3 Ne4 7. Qc2 Nxc3 8.
Qxc3 c5 9. Be3 Nc6 10. O-O O-O 11. Qd2 cxd4 12. Nxd4 Qc8 13. Rac1 Ne5 14. Bxb7
Qxb7 15. f3 Rfd8 16. Qb4 d6 17. Rfd1 Rac8 18. b3 Nd7 19. Qd2 a6 20. Kg2 Rc7 21.
Nc2 Ne5 22. Nb4 e6 23. Bd4 Rcd7 24. Qc3 Bh6 25. Rc2 a5 26. Nd3 Nc6 27. Bf6 Rc8
28. Nf2 Nb4 29. Rcd2 Nd5 30. Rxd5 exd5 31. Rd4 Bf8 32. Rh4 Re8 33. Qd4 Re6 34.
Ng4 dxc4 35. Qf4 cxb3 36. Qg5 Rxe2+ 37. Kh3 Qxf3 38. Rxh7 Qf1+ 39. Kh4 Kxh7 40.
Bc3 Be7 41. Bf6 Rxh2+ 0-1

[Event "46. Toreno La Roda 2019"]
[Site "La Roda ESP"]
[Date "2019.04.18"]
[Round "3.14"]
[White "Campora, Daniel H."]
[Black "Jimenez Martinez, Jose Vicente"]
[Result "0-1"]
[WhiteElo "2405"]
[BlackElo "2243"]
[PlyCount "127"]
[EventDate "2019.04.17"]
[EventType "swiss"]
[EventRounds "9"]
[EventCountry "ESP"]
[SourceTitle "Ajedrez en Madrid"]
[Source "lmi"]
[SourceDate "2019.04.17"]
[SourceVersion "1"]
[SourceVersionDate "2019.04.22"]
[SourceQuality "1"]

1. e4 d6 2. d4 g6 3. Nc3 Bg7 4. Be3 a6 5. Qd2 b5 6. f3 Nd7 7. a4 b4 8. Nd1 c5
9. dxc5 dxc5 10. Nh3 e6 11. Nhf2 Qc7 12. Be2 Ne7 13. Bh6 O-O 14. Bxg7 Kxg7 15.
Ne3 Nc6 16. Rd1 Nd4 17. O-O Nxe2+ 18. Qxe2 a5 19. Qd2 Nb6 20. b3 Ba6 21. c4
Rad8 22. Qb2+ f6 23. Rxd8 Rxd8 24. Neg4 Rd4 25. Qc1 Nd7 26. Qh6+ Kg8 27. h4 Qd6
28. h5 Qf8 29. Re1 Qf7 30. Qe3 Qg7 31. e5 f5 32. h6 Qe7 33. Nf6+ Nxf6 34. exf6
Qxf6 35. Qxe6+ Qxe6 36. Rxe6 Bxc4 37. bxc4 Kf7 38. Rc6 Rxc4 39. Nd3 Rc3 40.
Ne5+ Ke7 41. Nxg6+ Kd8 42. Nf8 b3 43. Nxh7 b2 44. Rb6 Rc1+ 45. Kh2 b1=Q 46.
Rxb1 Rxb1 47. Nf6 Rb7 48. Kg3 c4 49. Kf4 c3 50. Ke3 Rb1 51. Kd3 Rh1 52. h7 Ke7
53. Nd5+ Kf7 54. Kxc3 Rxh7 55. Kc4 Rh2 56. Nf4 Kf6 57. Kb5 Ke5 58. g3 Rb2+ 59.
Kxa5 Rb3 60. Ng6+ Kf6 61. Nf4 Rxf3 62. Kb4 Ke5 63. Nh5 Rf1 64. a5 0-1